[Event "RUS-ch Blitz (Women)"]
[Site "Sochi"]
[Date "2021.10.11"]
[Round "1"]
[White "Charochkina, Daria"]
[Black "Lysenko, Maria"]
[Result "1-0"]
[WhiteElo "2327"]
[BlackElo "1986"]
[PlyCount "40"]
[EventDate "2021.10.11"]
[EventType "swiss (blitz)"]
[EventRounds "13"]
[EventCountry "RUS"]
[SourceTitle "CBM 204 Extra"]
[Source "ChessBase"]
[SourceDate "2021.11.30"]
[SourceVersion "1"]
[SourceVersionDate "2021.11.30"]
[SourceQuality "1"]

1. c4 e6 2. g3 d5 3. Bg2 Nf6 4. b3 b6 5. Bb2 Bb7 6. Qc2 Be7 7. cxd5 exd5 8. Nf3 0-0 9. Nd4 Ne4 10. 0-0 Bf6 11. Rc1 c5 12. Nf5 Bxb2 13. Qxb2 Qf6 14. Qxf6 Nxf6 15. d4 Nbd7 16. Nc3 Rac8 17. Ne7+ Kh8 18. Nxc8 Rxc8 19. Nb5 Rc7 20. Nxc7 Ng8 1-0

[Event "Eurasia Cup op"]
[Site "Ekaterinburg"]
[Date "2019.08.06"]
[Round "6"]
[White "Lysenko, Maria"]
[Black "Sosnina, Ekaterina"]
[Result "1-0"]
[WhiteElo "2064"]
[BlackElo "1800"]
[PlyCount "65"]
[EventDate "2019.07.31"]
[EventType "swiss"]
[EventRounds "9"]
[EventCountry "RUS"]
[SourceTitle "CBM 191 Extra"]
[Source "ChessBase"]
[SourceDate "2019.09.30"]
[SourceVersion "1"]
[SourceVersionDate "2019.09.30"]
[SourceQuality "1"]

1. d4 Nf6 2. c4 d6 3. Nc3 e5 4. dxe5 dxe5 5. Qxd8+ Kxd8 6. Bg5 Nbd7 7. 0-0-0 c6 8. e3 Kc7 9. Bd3 Nc5 10. Bc2 Be6 11. b3 a5 12. Nge2 a4 13. Kb2 Be7 14. f4 h6 15. Bh4 g5 16. Bg3 axb3 17. axb3 Nh5 18. f5 Nxg3 19. hxg3 Bd7 20. g4 Ra7 21. Rh2 e4 22. Bxe4 Bf6 23. Bb1 Rha8 24. Rxh6 Be5 25. Nd4 b5 26. cxb5 cxb5 27. Nd5+ Kb7 28. Rb6+ Kc8 29. Rc1 Rc7 30. Nxc7 Kxc7 31. Rxc5+ Kxb6 32. Rxe5 Rh8 33. Re7 1-0

[Event "Eurasia Cup op"]
[Site "Ekaterinburg"]
[Date "2019.08.05"]
[Round "5"]
[White "Pankov, Daniil"]
[Black "Lysenko, Maria"]
[Result "1/2-1/2"]
[WhiteElo "1789"]
[BlackElo "2064"]
[PlyCount "54"]
[EventDate "2019.07.31"]
[EventType "swiss"]
[EventRounds "9"]
[EventCountry "RUS"]
[SourceTitle "CBM 191 Extra"]
[Source "ChessBase"]
[SourceDate "2019.09.30"]
[SourceVersion "1"]
[SourceVersionDate "2019.09.30"]
[SourceQuality "1"]

1. e4 c5 2. Nc3 Nc6 3. Bb5 Nd4 4. Nf3 Nxb5 5. Nxb5 a6 6. Nc3 e6 7. d4 cxd4 8. Qxd4 Ne7 9. Bf4 Nc6 10. Qd2 Be7 11. 0-0-0 0-0 12. g4 Qa5 13. Bd6 b5 14. Kb1 b4 15. Ne2 Bb7 16. h4 Rad8 17. Ng3 Bxd6 18. Qxd6 Na7 19. Rd4 Nc6 20. Rc4 Qb6 21. Rh2 a5 22. h5 Ba6 23. Rc5 Qb8 24. Qd2 Qb6 25. Qd6 Qb8 26. Qd2 Qb6 27. Qd6 Qb8 1/2-1/2

[Event "Pardubice Czech op-C 29th"]
[Site "Pardubice"]
[Date "2018.07.26"]
[Round "7"]
[White "Lysenko, Maria"]
[Black "Rieping, Heiner"]
[Result "1/2-1/2"]
[WhiteElo "2044"]
[BlackElo "1949"]
[PlyCount "48"]
[EventDate "2018.07.21"]
[EventType "swiss"]
[EventRounds "9"]
[EventCountry "CZE"]
[SourceTitle "CBM 186 Extra"]
[Source "ChessBase"]
[SourceDate "2018.08.24"]
[SourceVersion "1"]
[SourceVersionDate "2018.08.24"]
[SourceQuality "1"]

1. e4 d5 2. exd5 Qxd5 3. Nc3 Qa5 4. d4 Nf6 5. Nf3 Nc6 6. Bc4 Bg4 7. h3 Bh5 8. Bd2 0-0-0 9. Nd5 Qa4 10. b3 Bxf3 11. gxf3 Qa3 12. Bc1 Qd6 13. Bf4 e5 14. dxe5 Nxe5 15. Qe2 Re8 16. 0-0-0 Qa3+ 17. Kb1 Bd6 18. Bc1 Qc5 19. Nxf6 gxf6 20. Bb5 c6 21. Be3 Qa3 22. Bc1 Qc5 23. Be3 Qa3 24. Bc1 Qc5 1/2-1/2

[Event "Pardubice Czech op-C 29th"]
[Site "Pardubice"]
[Date "2018.07.22"]
[Round "2"]
[White "Freiman, Mark"]
[Black "Lysenko, Maria"]
[Result "0-1"]
[WhiteElo "1748"]
[BlackElo "2044"]
[PlyCount "72"]
[EventDate "2018.07.21"]
[EventType "swiss"]
[EventRounds "9"]
[EventCountry "CZE"]
[SourceTitle "CBM 186 Extra"]
[Source "ChessBase"]
[SourceDate "2018.08.24"]
[SourceVersion "1"]
[SourceVersionDate "2018.08.24"]
[SourceQuality "1"]

1. e4 c5 2. Nf3 Nc6 3. d4 cxd4 4. Nxd4 e5 5. Nb5 d6 6. N1c3 a6 7. Na3 b5 8. Nd5 Nf6 9. Bg5 Qa5+ 10. Bd2 Qd8 11. Bg5 Be7 12. Bxf6 Bxf6 13. c3 Bg5 14. Nc2 Ne7 15. a4 bxa4 16. Rxa4 0-0 17. Bc4 Kh8 18. 0-0 f5 19. Nxe7 Qxe7 20. exf5 Rxf5 21. Bd5 Bb7 22. Qd3 Raf8 23. f3 Bc8 24. Rd1 Bf4 25. g3 Rg5 26. Kf2 Qa7+ 27. Ne3 Rh5 28. gxf4 exf4 29. Kg1 Qd7 30. Ng4 Qxa4 31. Be4 Qb5 32. Qxb5 Rxb5 33. b4 Rd8 34. Bd5 Bb7 35. Be4 Rg5 36. h4 Rxg4+ 0-1

[Event "Satka Autumn op (Women)"]
[Site "Satka"]
[Date "2013.09.09"]
[Round "7"]
[White "Lysenko, Maria"]
[Black "Bauyrzhan, Arnash"]
[Result "1/2-1/2"]
[WhiteElo "2048"]
[BlackElo "1904"]
[PlyCount "41"]
[EventDate "2013.09.03"]
[EventType "swiss"]
[EventRounds "9"]
[EventCountry "RUS"]
[SourceTitle "CBM 156 Extra"]
[Source "ChessBase"]
[SourceDate "2013.10.22"]
[SourceVersion "1"]
[SourceVersionDate "2013.10.22"]
[SourceQuality "1"]

1. d4 d5 2. Nf3 Nf6 3. Bf4 g6 4. e3 Bg7 5. Be2 0-0 6. Ne5 c5 7. c3 Qb6 8. Qc1 Nc6 9. h4 Nxe5 10. Bxe5 h5 11. Bd3 c4 12. Bc2 Ng4 13. Bxg7 Kxg7 14. f3 Nxe3 15. Qxe3 Qxb2 16. Kd1 Qxa1 17. Qe5+ Kg8 18. Qg5 Kg7 19. Qe5+ Kg8 20. Qg5 Kg7 21. Qe5+ 1/2-1/2

[Event "Satka Autumn op (Women)"]
[Site "Satka"]
[Date "2013.09.08"]
[Round "6"]
[White "Semenova, Elena"]
[Black "Lysenko, Maria"]
[Result "1-0"]
[WhiteElo "2186"]
[BlackElo "2048"]
[PlyCount "169"]
[EventDate "2013.09.03"]
[EventType "swiss"]
[EventRounds "9"]
[EventCountry "RUS"]
[SourceTitle "CBM 156 Extra"]
[Source "ChessBase"]
[SourceDate "2013.10.22"]
[SourceVersion "1"]
[SourceVersionDate "2013.10.22"]
[SourceQuality "1"]

1. e4 c5 2. Nf3 Nc6 3. Bb5 g6 4. 0-0 Bg7 5. Re1 Nd4 6. Bc4 e6 7. Nxd4 cxd4 8. d3 Ne7 9. Bg5 0-0 10. e5 d6 11. exd6 Qxd6 12. Nd2 h6 13. Ne4 Qc7 14. Bd2 b6 15. h4 Bb7 16. a4 a6 17. h5 g5 18. c3 Qc6 19. f3 Nf5 20. Rc1 Qc7 21. b4 Rad8 22. Bb3 Qb8 23. a5 Be5 24. axb6 Bh2+ 25. Kf1 Ng3+ 26. Nxg3 Bxg3 27. c4 Bxe1 28. Bxe1 Qh2 29. c5 Bc6 30. Bf2 g4 31. Ba4 Bxa4 32. Qxa4 gxf3 33. c6 fxg2+ 34. Ke2 Qe5+ 35. Kd1 Qxh5+ 36. Kd2 Qf3 37. Bg1 Rd5 38. Re1 Qf4+ 39. Kd1 Re5 40. Rxe5 Qxe5 41. Qc2 Qf4 42. Qxg2+ Kh8 43. Bh2 Qf5 44. Qe2 f6 45. b7 Qd5 46. b8R Rxb8 47. Bxb8 Qxc6 48. Bf4 Qa4+ 49. Qc2 Qxb4 50. Qc8+ Kg7 51. Qxe6 Qb1+ 52. Ke2 Qb7 53. Qh3 Qe7+ 54. Kd1 Qb4 55. Qxh6+ Kf7 56. Qh7+ Ke6 57. Qe4+ Kf7 58. Bd2 Qb6 59. Be1 a5 60. Qd5+ Kg6 61. Bxa5 Qb1+ 62. Ke2 Qc2+ 63. Bd2 Qb2 64. Qe4+ Kf7 65. Qc6 Kg6 66. Qc5 Kg7 67. Qb4 Qa1 68. Be1 Qa2+ 69. Kf1 Qa1 70. Qe7+ Kg6 71. Qe4+ Kg7 72. Kg2 Qc1 73. Qg4+ Kf7 74. Bf2 Qc6+ 75. Kh2 Qd6+ 76. Kh3 Qd5 77. Qxd4 Qf3+ 78. Kh2 Qh5+ 79. Qh4 Qe5+ 80. Qg3 Qh5+ 81. Kg1 Qd1+ 82. Kg2 Qd2 83. d4 Qd1 84. Qe3 Kg7 85. Qe4 1-0

[Event "Urals-ch (Women)"]
[Site "Russia"]
[Date "2012.02.29"]
[Round "5"]
[White "Lysenko, Maria"]
[Black "Yakupova, Aysyla"]
[Result "1/2-1/2"]
[WhiteElo "2042"]
[BlackElo "2089"]
[PlyCount "69"]
[EventDate "2012.02.25"]
[EventType "swiss"]
[EventRounds "9"]
[EventCountry "RUS"]
[SourceTitle "EXT 2014"]
[Source "ChessBase"]
[SourceDate "2013.11.20"]
[SourceVersion "1"]
[SourceVersionDate "2013.11.20"]
[SourceQuality "1"]

1. d4 Nf6 2. Nf3 e6 3. Bf4 b6 4. e3 Bb7 5. Bd3 d5 6. Nbd2 Nbd7 7. Ne5 a6 8. Qf3 c5 9. c3 Be7 10. g4 h6 11. h4 Nxe5 12. Bxe5 Bd6 13. 0-0-0 Bxe5 14. dxe5 Nd7 15. Qg3 Qc7 16. f4 c4 17. Bc2 0-0-0 18. e4 Nc5 19. exd5 Bxd5 20. Rhe1 Qc6 21. Qe3 b5 22. Ne4 Bxe4 23. Bxe4 Nxe4 24. Qxe4 Rxd1+ 25. Kxd1 Rd8+ 26. Kc2 Kc7 27. Qxc6+ Kxc6 28. Re3 Kc5 29. b4+ Kc6 30. a3 Rd7 31. Rf3 Kd5 32. Rd3+ Kc6 33. Rf3 Kd5 34. Rd3+ Kc6 35. Rf3 1/2-1/2

[Event "Urals-ch (Women)"]
[Site "Russia"]
[Date "2012.02.28"]
[Round "4"]
[White "Ivanova, Yulija"]
[Black "Lysenko, Maria"]
[Result "1/2-1/2"]
[WhiteElo "2166"]
[BlackElo "2042"]
[PlyCount "31"]
[EventDate "2012.02.25"]
[EventType "swiss"]
[EventRounds "9"]
[EventCountry "RUS"]
[SourceTitle "EXT 2014"]
[Source "ChessBase"]
[SourceDate "2013.11.20"]
[SourceVersion "1"]
[SourceVersionDate "2013.11.20"]
[SourceQuality "1"]

1. e4 c5 2. f4 g6 3. Nf3 Bg7 4. Nc3 e6 5. g3 Nc6 6. Bg2 d6 7. d3 Nge7 8. 0-0 0-0 9. Ne2 e5 10. c3 f5 11. Qb3+ Kh8 12. Ng5 Na5 13. Nf7+ Kg8 14. Nh6+ Kh8 15. Nf7+ Kg8 16. Nh6+ 1/2-1/2

[Event "Chigorin Memorial 19th"]
[Site "St Petersburg"]
[Date "2011.10.19"]
[Round "6"]
[White "Lysenko, Maria"]
[Black "Butuc, Maria"]
[Result "1/2-1/2"]
[WhiteElo "2019"]
[BlackElo "2183"]
[PlyCount "69"]
[EventDate "2011.10.14"]
[EventType "swiss"]
[EventRounds "9"]
[EventCountry "RUS"]
[SourceTitle "CBM 144 Extra"]
[Source "ChessBase"]
[SourceDate "2011.10.28"]
[SourceVersion "1"]
[SourceVersionDate "2011.10.28"]
[SourceQuality "1"]

1. d4 d5 2. c4 c6 3. cxd5 cxd5 4. Nc3 Nf6 5. Nf3 Nc6 6. Bf4 a6 7. e3 Bg4 8. Be2 e6 9. Ne5 Bxe2 10. Qxe2 Rc8 11. 0-0 Be7 12. Rfc1 0-0 13. Na4 Nxe5 14. Bxe5 Nd7 15. Bg3 b5 16. Nc3 Nb6 17. Rc2 Bd6 18. Bxd6 Qxd6 19. Rac1 h6 20. Nb1 Rxc2 21. Rxc2 Rc8 22. Rxc8+ Nxc8 23. Qc2 Ne7 24. Nd2 Qc6 25. Qxc6 Nxc6 26. Nb3 Kf8 27. Kf1 Ke7 28. Ke2 Kd6 29. a3 f6 30. Nc5 a5 31. Nb7+ Kc7 32. Nc5 Kd6 33. Nb7+ Kc7 34. Nc5 Kd6 35. Nb7+ 1/2-1/2

[Event "Moscow op-D (Women)"]
[Site "Moscow"]
[Date "2011.01.31"]
[Round "3"]
[White "Lysenko, Maria"]
[Black "Minina, Veronika"]
[Result "1-0"]
[WhiteElo "2006"]
[BlackElo "2133"]
[PlyCount "105"]
[EventDate "2011.01.29"]
[EventType "swiss"]
[EventRounds "9"]
[EventCountry "RUS"]
[SourceTitle "EXT 2012"]
[Source "ChessBase"]
[SourceDate "2011.11.24"]
[SourceVersion "1"]
[SourceVersionDate "2011.11.24"]
[SourceQuality "1"]

1. d4 Nf6 2. Nf3 g6 3. g3 Bg7 4. Bg2 0-0 5. c4 d6 6. 0-0 c6 7. Nc3 Qa5 8. e4 Qh5 9. Ng5 Qxd1 10. Rxd1 Nbd7 11. f4 Ne8 12. e5 Nc7 13. Nge4 dxe5 14. dxe5 Nb6 15. b3 f6 16. exf6 exf6 17. Ba3 f5 18. Bxf8 Kxf8 19. c5 Nbd5 20. Nxd5 Nxd5 21. Nd6 Ne3 22. Bf3 Nxd1 23. Rxd1 Rb8 24. Nxc8 Rxc8 25. Rd7 b6 26. Kf1 bxc5 27. Rxa7 Bd4 28. Ra6 c4 29. bxc4 c5 30. a4 Rb8 31. a5 Rb1+ 32. Ke2 Rb2+ 33. Kd1 Rb1+ 34. Kc2 Rb2+ 35. Kc1 Ra2 36. Ra8+ Ke7 37. a6 Kd7 38. Ra7+ Kd6 39. h4 Ra3 40. Bd5 Ra2 41. h5 Ra1+ 42. Kc2 Ra2+ 43. Kb3 Rb2+ 44. Ka3 Rb6 45. Bf7 gxh5 46. Be8 Rb8 47. Bb5 Bf6 48. Rd7+ Ke6 49. a7 Rc8 50. Rb7 Ra8 51. Bc6 Kd6 52. Bd5 Bd8 53. Rxh7 1-0

[Event "RUS-ch U16 Girls"]
[Site "Dagomys"]
[Date "2009.04.22"]
[Round "8"]
[White "Lysenko, Maria"]
[Black "Petrukhina, Irina"]
[Result "1/2-1/2"]
[WhiteElo "1948"]
[BlackElo "2059"]
[PlyCount "120"]
[EventDate "2009.04.15"]
[EventType "swiss"]
[EventRounds "9"]
[EventCountry "RUS"]
[SourceTitle "CBM 130 Extra"]
[Source "ChessBase"]
[SourceDate "2009.07.02"]
[SourceVersion "2"]
[SourceVersionDate "2009.07.15"]
[SourceQuality "1"]

1. d4 d5 2. Nf3 Nf6 3. Bf4 c5 4. e3 Nc6 5. c3 Qb6 6. Qc1 Bf5 7. Nh4 Bd7 8. Nd2 cxd4 9. exd4 e5 10. Bg5 Be7 11. Nhf3 exd4 12. Bd3 0-0 13. 0-0 Rac8 14. Qb1 h6 15. Bf4 Rfe8 16. Nxd4 Nxd4 17. Be3 Bc5 18. cxd4 Bxd4 19. Bxd4 Qxd4 20. Nb3 Qh4 21. Bf5 Re5 22. Bxd7 Nxd7 23. Qd3 Rh5 24. Qg3 Qf6 25. Qg4 Qf5 26. Qxf5 Rxf5 27. Rac1 Rc6 28. Na5 Ra6 29. Rc7 Rxa5 30. Rxd7 b6 31. a3 Rb5 32. b4 a5 33. Rb1 Re5 34. Kf1 Re4 35. Rd1 axb4 36. axb4 Rbxb4 37. R7xd5 Rb2 38. R5d2 Rxd2 39. Rxd2 Re8 40. Rd7 Rb8 41. Ke2 g5 42. Kd3 Kg7 43. g4 Kg6 44. Ke4 b5 45. Rd3 Rb7 46. f4 gxf4 47. Kxf4 b4 48. Rb3 Rb5 49. h4 Kf6 50. Ke4 Ke6 51. Kd4 h5 52. Re3+ Kf6 53. Kc4 Re5 54. Rxe5 Kxe5 55. gxh5 Kf6 56. Kxb4 Kg7 57. Kc4 Kh6 58. Kd4 Kxh5 59. Ke5 Kg6 60. Kf4 f6 1/2-1/2

[Event "RUS-ch U16 Girls"]
[Site "Dagomys"]
[Date "2009.04.20"]
[Round "6"]
[White "Olenina, Aysa"]
[Black "Lysenko, Maria"]
[Result "1-0"]
[WhiteElo "1988"]
[BlackElo "1948"]
[PlyCount "139"]
[EventDate "2009.04.15"]
[EventType "swiss"]
[EventRounds "9"]
[EventCountry "RUS"]
[SourceTitle "CBM 130 Extra"]
[Source "ChessBase"]
[SourceDate "2009.07.02"]
[SourceVersion "2"]
[SourceVersionDate "2009.07.15"]
[SourceQuality "1"]

1. e4 c5 2. Nf3 Nc6 3. d4 cxd4 4. Nxd4 Nf6 5. Nc3 e5 6. Ndb5 d6 7. Bg5 a6 8. Na3 b5 9. Nd5 Be7 10. Bxf6 Bxf6 11. c3 Bg5 12. Nc2 Ne7 13. Ncb4 0-0 14. a4 bxa4 15. Qxa4 a5 16. Nxe7+ Qxe7 17. Nd5 Qb7 18. b3 Be6 19. Bc4 Kh8 20. 0-0 f5 21. Ne3 Bd7 22. Bd5 Qc7 23. Qc4 Ra7 24. Qxc7 Rxc7 25. Nc4 Bb5 26. exf5 Bxc4 27. Bxc4 Bd2 28. Rxa5 Bxc3 29. Ra6 Bb4 30. g4 Bc5 31. Kg2 Rd7 32. Bd5 Rdd8 33. Rb1 Rb8 34. Ra4 Rb6 35. b4 Rfb8 36. b5 h6 37. Bc6 Kg8 38. Rba1 g6 39. fxg6 Kg7 40. Ra7+ Kxg6 41. Re7 Rf8 42. f3 Kg5 43. Kg3 Kg6 44. h4 Kf6 45. Rh7 Be3 46. Rd1 Rd8 47. Kh3 Kg6 48. Be4+ Kf6 49. Bd5 Rf8 50. Bc6 Rd8 51. Rd3 Bf4 52. Ra3 d5 53. Raa7 d4 54. Rag7 Rf8 55. Be4 Ke6 56. Rg6+ Rf6 57. Rxf6+ Kxf6 58. g5+ Bxg5 59. hxg5+ Kxg5 60. Rb7 Rd6 61. Kg3 h5 62. b6 d3 63. Rg7+ Kh6 64. Rh7+ Kg5 65. b7 h4+ 66. Rxh4 d2 67. b8Q d1Q 68. Qg8+ Kf6 69. Rh6+ Ke7 70. Qg7+ 1-0

[Event "EU-ch U16 Girls 18th"]
[Site "Herceg Novi"]
[Date "2008.09.22"]
[Round "7"]
[White "Lysenko, Maria"]
[Black "Grigorian, Marine"]
[Result "1-0"]
[WhiteElo "1915"]
[BlackElo "2131"]
[PlyCount "111"]
[EventDate "2008.09.15"]
[EventType "swiss"]
[EventRounds "9"]
[EventCountry "MNE"]
[SourceTitle "CBM 126 Extra"]
[Source "ChessBase"]
[SourceDate "2008.11.05"]
[SourceVersion "1"]
[SourceVersionDate "2008.11.05"]
[SourceQuality "1"]

1. d4 d6 2. Nf3 Nf6 3. g3 Nbd7 4. Bg2 e5 5. dxe5 dxe5 6. 0-0 Be7 7. b3 c6 8. a4 0-0 9. Na3 Qc7 10. Bb2 a5 11. Nc4 e4 12. Ng5 Nc5 13. Be5 Qd7 14. Nb6 Qf5 15. Bf4 Nd5 16. Nxa8 Nxf4 17. gxf4 Qxf4 18. Nb6 Bf5 19. Qc1 Qh4 20. f4 h6 21. Qe1 Qh5 22. Nf3 exf3 23. Bxf3 Qg6+ 24. Qg3 Qxg3+ 25. hxg3 Bxc2 26. Nc4 Nxb3 27. Ra2 Nd4 28. Nxa5 Ra8 29. Nxb7 Ra7 30. Bxc6 Bb3 31. Rb2 Ba3 32. Rbb1 Bc2 33. Rb6 Nxc6 34. Rxc6 Bxa4 35. Rc8+ Kh7 36. Nc5 Bb5 37. Nd3 Re7 38. Rb1 Bd7 39. Ra8 Bd6 40. Ra6 Re6 41. Rbb6 Be7 42. Rxe6 Bxe6 43. Kf2 h5 44. Ra5 h4 45. gxh4 Bxh4+ 46. Kf3 Bd8 47. Rh5+ Kg6 48. Rh2 Kf6 49. e4 g6 50. Nc5 Bc4 51. Rh8 Ba5 52. Nd7+ Ke7 53. Ne5 Bb5 54. Ra8 Bc3 55. Ra7+ Ke6 56. Nxf7 1-0

[Event "EU-ch U16 Girls 18th"]
[Site "Herceg Novi"]
[Date "2008.09.19"]
[Round "5"]
[White "Lysenko, Maria"]
[Black "Miladinovic, Lena"]
[Result "1-0"]
[WhiteElo "1915"]
[BlackElo "1850"]
[PlyCount "55"]
[EventDate "2008.09.15"]
[EventType "swiss"]
[EventRounds "9"]
[EventCountry "MNE"]
[SourceTitle "CBM 126 Extra"]
[Source "ChessBase"]
[SourceDate "2008.11.05"]
[SourceVersion "1"]
[SourceVersionDate "2008.11.05"]
[SourceQuality "1"]

1. d4 Nf6 2. Nf3 e6 3. e3 b6 4. Bd3 Bb7 5. 0-0 Be7 6. c4 0-0 7. Nc3 d6 8. b3 c5 9. Bb2 a6 10. a3 cxd4 11. exd4 d5 12. Ne5 dxc4 13. bxc4 Nc6 14. Ne2 Qc7 15. Nf4 Rad8 16. Re1 Kh8 17. Nxc6 Bxc6 18. Nh5 Ba8 19. d5 Rg8 20. Nxf6 gxf6 21. Re3 Rg7 22. Qh5 Rdg8 23. Rh3 Rxg2+ 24. Kh1 R8g7 25. Bxh7 R7g5 26. Qh6 Bf8 27. Bxf6+ Bg7 28. Bg6+ 1-0

[Event "Anapa U18 Girls"]
[Site "Anapa"]
[Date "2007.08.??"]
[Round "7"]
[White "Lysenko, Maria"]
[Black "Kazakova, Anastasiya"]
[Result "0-1"]
[WhiteElo "1898"]
[BlackElo "1854"]
[PlyCount "77"]
[EventDate "2007.08.25"]
[EventType "swiss"]
[EventRounds "9"]
[EventCountry "RUS"]
[SourceTitle "EXT 2022"]
[Source "ChessBase"]
[SourceDate "2021.10.06"]
[SourceVersion "1"]
[SourceVersionDate "2021.10.06"]
[SourceQuality "1"]

1. d4 d5 2. Nf3 c6 3. Bf4 Nf6 4. e3 Qb6 5. b3 Nbd7 6. Bd3 e6 7. 0-0 Nh5 8. Bg5 h6 9. Bh4 g5 10. Ne5 Nxe5 11. dxe5 Ng7 12. Bg3 Nf5 13. Qf3 Bg7 14. Bxf5 exf5 15. Qe2 0-0 16. Qh5 d4 17. h4 dxe3 18. hxg5 hxg5 19. Qxg5 Qd4 20. c3 exf2+ 21. Rxf2 Qg4 22. Qe3 Re8 23. Nd2 f6 24. Nc4 fxe5 25. Nxe5 Qe4 26. Re1 Qxe3 27. Rxe3 Be6 28. c4 Rad8 29. Rfe2 Bh6 30. Rf3 Rd2 31. Rxd2 Bxd2 32. Nd3 Bc8 33. Be5 Kf7 34. Rh3 f4 35. Rh4 Be3+ 36. Kf1 Bf5 37. Ke2 Bxd3+ 38. Kxd3 Rxe5 39. Rh7+ 0-1